<?xml version="1.0" encoding="UTF-8"?>
<record
    xmlns:xsi="http://www.w3.org/2001/XMLSchema-instance"
    xsi:schemaLocation="http://www.loc.gov/MARC21/slim http://www.loc.gov/standards/marcxml/schema/MARC21slim.xsd"
    xmlns="http://www.loc.gov/MARC21/slim">

  <leader>01756nam a22002657a 4500</leader>
  <datafield tag="999" ind1=" " ind2=" ">
    <subfield code="c">39735</subfield>
    <subfield code="d">39735</subfield>
  </datafield>
  <datafield tag="020" ind1=" " ind2=" ">
    <subfield code="a">9789383445523</subfield>
  </datafield>
  <datafield tag="041" ind1=" " ind2=" ">
    <subfield code="a">eng-</subfield>
  </datafield>
  <datafield tag="082" ind1=" " ind2=" ">
    <subfield code="a">954.9105</subfield>
    <subfield code="b">GIL-</subfield>
  </datafield>
  <datafield tag="245" ind1=" " ind2=" ">
    <subfield code="a">Gilgit-Baltistan under Pakistan&#x2019;s Occupation /</subfield>
    <subfield code="c">Edited by Ashish Shukla </subfield>
  </datafield>
  <datafield tag="260" ind1=" " ind2=" ">
    <subfield code="a">New Delhi :</subfield>
    <subfield code="b">KW Publishers Pvt Ltd,</subfield>
    <subfield code="c">2021.</subfield>
  </datafield>
  <datafield tag="300" ind1=" " ind2=" ">
    <subfield code="a">xvi, 99p.</subfield>
  </datafield>
  <datafield tag="504" ind1=" " ind2=" ">
    <subfield code="a">includes index</subfield>
  </datafield>
  <datafield tag="520" ind1=" " ind2=" ">
    <subfield code="a">The present book makes an in-depth analysis of both historical as well as recent developments in Gilgit-Baltistan-a territory illegally occupied by Pakistan. The politico-security establishment of Pakistan has over the years not only marginalised the indigenous people of Gilgit-Baltistan, but has also been exploiting the precious natural resources with the help of outside powers having vested interests in the region. This has serious ramification on the stability and overall peace and security in the region. The edited volume is an outcome of an international seminar held at the the Indian Council of World Affairs (ICWA) on 19-20 March 2019 on the theme "Gilgit-Baltistan: under Pakistan's Occupation". </subfield>
  </datafield>
  <datafield tag="546" ind1=" " ind2=" ">
    <subfield code="a">English.</subfield>
  </datafield>
  <datafield tag="650" ind1=" " ind2=" ">
    <subfield code="a">Human rights</subfield>
    <subfield code="x">Political aspects</subfield>
    <subfield code="z">Pakistan</subfield>
    <subfield code="z">Gilgit-Baltistan</subfield>
  </datafield>
  <datafield tag="650" ind1=" " ind2=" ">
    <subfield code="a">Nationalism</subfield>
    <subfield code="x">Political aspects</subfield>
    <subfield code="z">Gilgit-Baltistan</subfield>
    <subfield code="z">Pakistan </subfield>
  </datafield>
  <datafield tag="650" ind1=" " ind2=" ">
    <subfield code="a">Resource exploitation</subfield>
    <subfield code="x">Political aspects</subfield>
    <subfield code="z">Pakistan</subfield>
    <subfield code="z">Gilgit-Baltistan</subfield>
  </datafield>
  <datafield tag="650" ind1=" " ind2=" ">
    <subfield code="a">Indigenous peoples</subfield>
    <subfield code="x">Civil rights</subfield>
    <subfield code="z">Pakistan</subfield>
    <subfield code="z">Gilgit-Baltistan</subfield>
  </datafield>
  <datafield tag="650" ind1=" " ind2=" ">
    <subfield code="a">Pakistan</subfield>
    <subfield code="x">Politics and government</subfield>
    <subfield code="z">Gilgit-Baltistan</subfield>
  </datafield>
  <datafield tag="650" ind1=" " ind2=" ">
    <subfield code="a">Gilgit-Baltistan</subfield>
    <subfield code="x">International status</subfield>
  </datafield>
  <datafield tag="650" ind1=" " ind2=" ">
    <subfield code="a">Geopolitics</subfield>
    <subfield code="x">Security aspects</subfield>
    <subfield code="z">Pakistan</subfield>
    <subfield code="z">Gilgit-Baltistan</subfield>
  </datafield>
  <datafield tag="650" ind1=" " ind2=" ">
    <subfield code="a">Territorial disputes</subfield>
    <subfield code="x">Political aspects</subfield>
    <subfield code="z">Pakistan</subfield>
    <subfield code="z">Gilgit-Baltistan</subfield>
  </datafield>
  <datafield tag="700" ind1=" " ind2=" ">
    <subfield code="a">Shukla, Ashish </subfield>
    <subfield code="e">editor</subfield>
  </datafield>
  <datafield tag="942" ind1=" " ind2=" ">
    <subfield code="2">ddc</subfield>
    <subfield code="c">BK</subfield>
  </datafield>
  <datafield tag="952" ind1=" " ind2=" ">
    <subfield code="0">0</subfield>
    <subfield code="1">0</subfield>
    <subfield code="4">0</subfield>
    <subfield code="7">0</subfield>
    <subfield code="a">NASSDOC</subfield>
    <subfield code="b">NASSDOC</subfield>
    <subfield code="d">2024-03-24</subfield>
    <subfield code="e">Gratis</subfield>
    <subfield code="g">680.00</subfield>
    <subfield code="i">NA</subfield>
    <subfield code="l">0</subfield>
    <subfield code="o">954.9105 GIL-</subfield>
    <subfield code="p">54762</subfield>
    <subfield code="r">2025-05-23 00:00:00</subfield>
    <subfield code="v">680.00</subfield>
    <subfield code="w">2024-03-24</subfield>
    <subfield code="y">BK</subfield>
  </datafield>
</record>
